00381nam a2200181Ia 4500003000900000008004100009040001300050040001300063041000800076100001700084245003900101250001000140260001100150260000900161300001100170300001000181490000800191IT-RoPAU120407s9999 xx 000 0 und d aIT-RoPAU cIT-RoPAU afra aPaul Ricoeur aLe volontaire et l’involontaire. aParis aAubier c1963 a464 p. c22 cm a270